Online
Catalog

5to. grado: (Record no. 56629)

MARC details
000 -CABECERA
campo de control de longitud fija 04111nam a2200409 i 4500
003 - IDENTIFICADOR DEL NÚMERO DE CONTROL
campo de control DO-SdBNP
005 - FECHA Y HORA DE LA ÚLTIMA TRANSACCIÓN
campo de control 20250205102748.0
006 - CÓDIGOS DE INFORMACIÓN DE LONGITUD FIJA--CARACTERÍSTICAS DEL MATERIAL ADICIONAL
campo de control de longitud fija a||||gr|||| 00| 0
007 - CAMPO FIJO DE DESCRIPCIÓN FÍSICA--INFORMACIÓN GENERAL
campo de control de longitud fija ta
008 - DATOS DE LONGITUD FIJA--INFORMACIÓN GENERAL
campo de control de longitud fija 240510e1990 dr ad||| |||| 00| 0 spa d
040 ## - FUENTE DE LA CATALOGACIÓN
Centro catalogador/agencia de origen DO-SdBNP
Lengua de catalogación spa
Centro/agencia transcriptor BNPHU
Normas de descripción rda
082 #4 - NÚMERO DE LA CLASIFICACIÓN DECIMAL DEWEY
Número de edición 22
Número de documento/Ítem R426q 1990
100 1# - ENTRADA PRINCIPAL--NOMBRE DE PERSONA
Nombre de persona Pérez, Danila,
Término indicativo de función/relación autora
9 (RLIN) 85435
245 10 - MENCIÓN DE TÍTULO
Título 5to. grado:
Resto del título quinto libro /
Mención de responsabilidad, etc. Danila Pérez, Griselda Taveras, Altagracia Andújar, Antonia Mejía, Angela Tavárez, Milagros Yost; ilustración, Rosa María López, Henry Fondeur, Julia Gil Brioso.
246 11 - FORMA VARIANTE DE TÍTULO
Título propio/Titulo breve Quinto grado:
Resto del título quinto libro.
264 #1 - PRODUCCIÓN, PUBLICACIÓN, DISTRIBUCIÓN, FABRICACIÓN Y COPYRIGHT
Producción, publicación, distribución, fabricación y copyright Santo Domingo :
Nombre del de productor, editor, distribuidor, fabricante Agencia Española de Cooperación Internacional,
Fecha de producción, publicación, distribución, fabricación o copyright 1990
300 ## - DESCRIPCIÓN FÍSICA
Extensión 196 páginas :
Otras características físicas ilustraciones ;
Dimensiones 27 cm.
336 ## - TIPO DE CONTENIDO
Fuente rdacontent
Término de tipo de contenido texto
Código de tipo de contenido tx
337 ## - TIPO DE MEDIO
Fuente rdamedia
Nombre/término del tipo de medio sin mediación
Código del tipo de medio n
338 ## - TIPO DE SOPORTE
Fuente rdacarrier
Nombre/término del tipo de soporte volumen
Código del tipo de soporte nc
500 ## - NOTA GENERAL
Nota general Proyecto de Educación Básica a traves de Módulos Instruccionales.
500 ## - NOTA GENERAL
Nota general 5to. Grado. Cuarto Libro de Trabajo.
500 ## - NOTA GENERAL
Nota general Libro de Trabajo.
505 ## - NOTA DE CONTENIDO CON FORMATO
Nota de contenido con formato Cómo estudia una lección.-- Presentación.
Información miscelánea Lección No. 1 Estudios Sociales.
Título Los Latinoamericanos se esfuerzan por lograr su desarrollo.--
Información miscelánea Lección No. 2 Lengua Española.
Título Las Acciones o Verbos.--
Información miscelánea Lección No. 3 Ciencias Naturales.--
Título La Atmosfera.--
Información miscelánea Lección No. 4. Matemática.
Título Tanto por Ciento.--
Información miscelánea Lección No. 5. Educación Musical.
Título Coreografía de Nuestros Bailes Folkloricos.--
Información miscelánea Lección No. 6. Educación Musical.
Título La Constitución en América Latina.--
Información miscelánea Lección No. 7. Lengua Española.
Título El Verbo, Las personas y los Tiempos Verbales.--
Información miscelánea Lección No. 8 Ciencias Naturales.--
Título Beneficios de la Atmosfera.--
Información miscelánea Lección No. 9 Matemática.
Título Cambio de una unidad de Longitud mayor a una menor en el Sistema Métrico Decimal.--
Información miscelánea Lección No. 10. Educación Musical.
Título Coreografía del Baile de Palos.--
Información miscelánea Lección No. 11. Estudios Sociales.
Título Derechos Humanos Consagrados en las Constituciones Americanas.--
Información miscelánea Lección No. 12. Lengua Española.
Título Verbos Terminados en AR.--
Información miscelánea Lección No. 13 Ciencias Naturales.--
Título El Sistema Solar.--
Información miscelánea Lección No. 14. Matemática.
Título Cambio de una unidad de Longitud Menor a otra Mayor en el Sistema Métrico Decimal.--
Información miscelánea Lección No. 15. Educación Musical.
Título Coreografía del Carabine.--
505 ## - NOTA DE CONTENIDO CON FORMATO
Nota de contenido con formato Lección No. 16. Estudios Sociales.
Título Formas de Gobierno.--
Información miscelánea Lección No. 17. Lengua Española.
Título Verbos que terminan con ER.--
Información miscelánea Lección No. 18. Ciencias Naturales.
Título ¿Cómo son los Planetas?.--
Información miscelánea Lección No. 19. Matemática.
Título Polígonos Regulares e Irregulares. Cuadriláteros. Sus Diagonales.--
Información miscelánea Lección No. 20. Educación Musical.--
Título Coreografía de la Mangulina.--
Información miscelánea Lección No. 21. Estudios Sociales.
Título El Gobierno Dominicano.--
Información miscelánea Lección No. 22. Lengua Española.
Título Verbos que terminan en IR.--
Información miscelánea Lección No. 23. Ciencias Naturales.
Título Observando el Universo: Las Galxias.--
Información miscelánea Lección No. 24. Matemática.
Título Cambio de Unidades de Superficie en el Sistema Métrico Decimal.--
Información miscelánea Lección No. 25. Educación Musical.
Título Coreografía del Merengue.--
Información miscelánea Lección No. 26. Estudios Sociales.
Título Convivencia y Cooperación.--
Información miscelánea Lección No. 27. La Lengua Española.
Título El Adverbio.--
Información miscelánea Lección No. 28. Ciencias Naturales.
Título Observando el Universo: Las Cosntelaciones.--
Información miscelánea Lección No. 29. Matemática.
Título Medidas de Regiones que tienen forma de Rombo, Romboide y Trapecio.--
Información miscelánea Lección No. 30. Educación Musical.
Título Baile de la Cinta.--
-- Respuestasala autoevaluaciones.-- Estudios Sociales.-- Lengua Española.-- Ciencias Naturales.-- Matemática.-- Educación Musical.
590 ## - NOTA LOCAL (RLIN)
Nota local Inventariado 2024 / MF
700 1# - PUNTO DE ACCESO ADICIONAL--NOMBRE DE PERSONA
Nombre de persona Taveras, Griselda,
Término indicativo de función/relación autora
9 (RLIN) 85436
700 1# - PUNTO DE ACCESO ADICIONAL--NOMBRE DE PERSONA
Nombre de persona Andujar, Altagracia,
9 (RLIN) 84313
Término indicativo de función/relación autora
700 1# - PUNTO DE ACCESO ADICIONAL--NOMBRE DE PERSONA
Nombre de persona Mejía, Antonia,
9 (RLIN) 31235
Término indicativo de función/relación autora
700 1# - PUNTO DE ACCESO ADICIONAL--NOMBRE DE PERSONA
Nombre de persona Tavárez Rodríguez, Ángela,
9 (RLIN) 36265
Término indicativo de función/relación autor
700 1# - PUNTO DE ACCESO ADICIONAL--NOMBRE DE PERSONA
Nombre de persona Yost, Milagros,
9 (RLIN) 75860
Término indicativo de función/relación autora
700 1# - PUNTO DE ACCESO ADICIONAL--NOMBRE DE PERSONA
Nombre de persona López, Rosa María,
9 (RLIN) 75948
Término indicativo de función/relación ilustradora
700 1# - PUNTO DE ACCESO ADICIONAL--NOMBRE DE PERSONA
Código de función/relación Fondeur, Henry,
Término indicativo de función/relación ilustrador
700 1# - PUNTO DE ACCESO ADICIONAL--NOMBRE DE PERSONA
Nombre de persona Gil Brioso, Julia,
9 (RLIN) 36916
Término indicativo de función/relación ilustrador
710 1# - PUNTO DE ACCESO ADICIONAL--NOMBRE DE ENTIDAD CORPORATIVA
Nombre de entidad corporativa o nombre de jurisdicción como elemento de entrada República Dominicana.
Unidad subordinada Secretaría de Estado de Educación, Bellas Artes y Cultos
9 (RLIN) 23965
942 ## - ELEMENTOS DE PUNTO DE ACCESO ADICIONAL (KOHA)
Fuente del sistema de clasificación o colocación Dewey Decimal Classification
Tipo de ítem Koha Libro
Holdings
Estado de retiro Estado de pérdida Fuente del sistema de clasificación o colocación Restricciones de uso No para préstamo Código de colección Localización permanente Ubicación/localización actual Ubicación en estantería Fecha de adquisición Fuente de adquisición Total de préstamos Signatura topográfica completa Código de barras Fecha visto por última vez Precio válido a partir de Tipo de ítem Koha
    Dewey Decimal Classification Excluido de préstamo   Patrimonio Dominicano Biblioteca Nacional Pedro Henríquez Ureña Biblioteca Nacional Pedro Henríquez Ureña En catalogación 10.07.2018 Donado por CERTV   R426q 1990 2024-2879 10.05.2024 10.05.2024 Libro

Powered by Koha